| 000 | 01015cam a2200265 a 4500 | ||
|---|---|---|---|
| 001 | 000026540 | ||
| 005 | 20200930030257.0 | ||
| 008 | 760825s1986 mx 000 0 spa d | ||
| 020 | _a8434420066 | ||
| 040 |
_aDO-SdBNP _bspa _dBNPHU |
||
| 041 | 1 | 7 |
_aspa _heng _2Código de idioma MARC |
| 082 |
_axxx _bO52a |
||
| 100 | 1 |
_aOlson, Mancur, _d1932-1998. _953637 |
|
| 240 | 1 | 0 |
_aThe rise and decline of nations. _lEspañol. |
| 245 | 1 | 0 |
_aAuge y decadencia de las naciones : _bcrecimiento económico, estagflación y rigidez social / _cMancur Olson ; traducción de Juan Andrés Iglesias ; prefacio de Salvador Giner. |
| 260 |
_aBarcelona : _bAriel, _c1986. |
||
| 300 |
_a332, [6] p. ; _c21 cm. |
||
| 490 | 1 | _aAriel economía | |
| 504 | _aIncluye bibliografía: | ||
| 504 | _aIncluye referencias bibliográficas y notas al pie de las páginas | ||
| 534 |
_aTítulo original: _tThe rise and decline of nations. |
||
| 700 | 1 |
_aIglesias, Juan Andrés _etr. _953638 |
|
| 830 | 0 |
_aAriel economía _953639 |
|
| 049 | _aBNGR | ||
| 999 |
_c26032 _d26032 |
||